000 00176nam a2200073Ia 4500
008 180219s9999 xx 000 0 und d
100 _aBhatia K K
245 0 _aTeaching And Learning English
260 _aKalyani
999 _c41315
_d41315